Request For Approval For Waivers Of Customs Duties, Taxes And Levies On Materials And Equipment And Services For The Development Of The Meridien Hotel By 4-Mac LTD (Record no. 5123)

MARC details
000 -LEADER
fixed length control field 00659nam a22001817a 4500
003 - CONTROL NUMBER IDENTIFIER
control field OSt
005 - DATE AND TIME OF LATEST TRANSACTION
control field 20250307093508.0
008 - FIXED-LENGTH DATA ELEMENTS--GENERAL INFORMATION
fixed length control field 250307b |||||||| |||| 00| 0 eng d
041 ## - LANGUAGE CODE
Language code of text/sound track or separate title English
082 ## - DEWEY DECIMAL CLASSIFICATION NUMBER
Classification number PM/MH/22 Acc. No. 10,889
100 ## - MAIN ENTRY--PERSONAL NAME
Personal name OFORI-Atta Ken
110 ## - MAIN ENTRY--CORPORATE NAME
Corporate name or jurisdiction name as entry element Ministry Of Finance
245 ## - TITLE STATEMENT
Title Request For Approval For Waivers Of Customs Duties, Taxes And Levies On Materials And Equipment And Services For The Development Of The Meridien Hotel By 4-Mac LTD
260 ## - PUBLICATION, DISTRIBUTION, ETC.
Place of publication, distribution, etc. Accra
Name of publisher, distributor, etc. Parliament Of Ghana
Date of publication, distribution, etc. 13th July, 2022
300 ## - PHYSICAL DESCRIPTION
Extent 138P; Tabs; Map; Pics; Diag
650 ## - SUBJECT ADDED ENTRY--TOPICAL TERM
Source of heading or term Development Of The Meridien Hotel By 4-Mac LTD
942 ## - ADDED ENTRY ELEMENTS (KOHA)
Source of classification or shelving scheme Dewey Decimal Classification
Koha item type Memorandum
Suppress in OPAC No
Holdings
Withdrawn status Lost status Source of classification or shelving scheme Damaged status Not for loan Home library Current library Shelving location Date acquired Total checkouts Full call number Date last seen Copy number Price effective from Koha item type
    Dewey Decimal Classification     Main Library Main Library Open Shelves 07/03/2025   PM/MH/22 Acc. No. 10,889 07/03/2025 1 07/03/2025 Memorandum
©2026  Parliament of Ghana Library - All rights reserved